Catholic University of Zimbabwe Library
Online Public Access Catalogue
(OPAC)

The Origins of Agnosticism (Record no. 25707)

MARC details
000 -LEADER
fixed length control field 01823cam a22004094a 4500
001 - CONTROL NUMBER
control field muse78140
003 - CONTROL NUMBER IDENTIFIER
control field MdBmJHUP
005 - DATE AND TIME OF LATEST TRANSACTION
control field 20210127151421.0
006 - FIXED-LENGTH DATA ELEMENTS--ADDITIONAL MATERIAL CHARACTERISTICS
fixed length control field m o d
007 - PHYSICAL DESCRIPTION FIXED FIELD--GENERAL INFORMATION
fixed length control field cr||||||||nn|n
008 - FIXED-LENGTH DATA ELEMENTS--GENERAL INFORMATION
fixed length control field 190830s2019 mdu o 00 0 eng d
020 ## - INTERNATIONAL STANDARD BOOK NUMBER
International Standard Book Number 9781421430300
020 ## - INTERNATIONAL STANDARD BOOK NUMBER
Canceled/invalid ISBN 9781421431413
035 ## - SYSTEM CONTROL NUMBER
System control number (OCoLC)1123919307
040 ## - CATALOGING SOURCE
Original cataloging agency MdBmJHUP
Transcribing agency MdBmJHUP
050 04 - LIBRARY OF CONGRESS CALL NUMBER
Classification number BL2747.2
Item number .L54 1987
082 0# - DEWEY DECIMAL CLASSIFICATION NUMBER
Classification number 211/.7/09034
Edition number 19
100 1# - MAIN ENTRY--PERSONAL NAME
Personal name Lightman, Bernard V.,
Dates associated with a name 1950-,
Relator term author
245 14 - TITLE STATEMENT
Title The Origins of Agnosticism
Remainder of title Victorian Unbelief and the Limits of Knowledge /
Statement of responsibility, etc. Bernard Lightman.
300 ## - PHYSICAL DESCRIPTION
Extent 1 online resource (1 online resource x, 249 pages) :
Other physical details illustrations)
500 ## - GENERAL NOTE
General note Originally published as Johns Hopkins Press, 1987
504 ## - BIBLIOGRAPHY, ETC. NOTE
Bibliography, etc. note Includes bibliographical references (pages 221-239) and index.
505 0# - FORMATTED CONTENTS NOTE
Formatted contents note The power of modern agnosticism -- The adnostic conundrum -- Mansel and the Kantian tradition -- Herbert Spencer and the worship of the unknowable -- Disillusionment with attack on orthodoxy -- Religion, theology, and the church agnostic -- The new natural theology and the holy trinity of agnosticism -- The tragedy of agnosticism.
506 0# - RESTRICTIONS ON ACCESS NOTE
Terms governing access Open Access
Standardized terminology for access restriction Unrestricted online access
Source of term star
588 ## - SOURCE OF DESCRIPTION NOTE
Source of description note Description based on print version record.
650 #0 - SUBJECT ADDED ENTRY--TOPICAL TERM
Topical term or geographic name entry element Agnosticism
General subdivision History
Chronological subdivision 19th century.
651 #0 - SUBJECT ADDED ENTRY--GEOGRAPHIC NAME
Geographic name Great Britain
General subdivision Intellectual life
Chronological subdivision 19th century.
655 #0 - INDEX TERM--GENRE/FORM
Genre/form data or focus term Electronic books.
Source of term lcgft
655 #7 - INDEX TERM--GENRE/FORM
Genre/form data or focus term Electronic books.
Source of term local
710 2# - ADDED ENTRY--CORPORATE NAME
Corporate name or jurisdiction name as entry element Project Muse.
710 2# - ADDED ENTRY--CORPORATE NAME
Corporate name or jurisdiction name as entry element Project Muse.
Relator term distributor
830 #0 - SERIES ADDED ENTRY--UNIFORM TITLE
Uniform title Book collections on Project MUSE.
856 40 - ELECTRONIC LOCATION AND ACCESS
Public note Full text available:
Uniform Resource Identifier <a href="https://muse.jhu.edu/book/69480/">https://muse.jhu.edu/book/69480/</a>
Holdings
Withdrawn status Lost status Source of classification or shelving scheme Damaged status Not for loan Home library Current library Shelving location Date acquired Total Checkouts Full call number Date last seen Uniform Resource Identifier Price effective from Koha item type
          Digital Library Digital Library Online Access 27.01.2021   BL2747.2 .L54 1987 27.01.2021 https://muse.jhu.edu/book/69480/ 27.01.2021 eBook

OPENING HOURS

Weekdays: 0815hrs - 1800hrs
Weekends:0900hrs - 1200hrs

Closed for Mass:

Mon, Thur: 1200hrs - 1300hrs
Sunday & Public Holiday’s

CALL SUPPORT

0242-570570, 0242-570169
09200664, +263 8644140602

LOCATION

18443, Cranborne Avenue, Hatfield, Harare

Other Links


©2021 | CUZ Library